00806cam a2200241 a 4500001000400000003001000004005001700014008004100031020001800072040002500090080002500115090002600140100002800166245007800194260003800272300002000310504002500330650002700355650002700382942001200409952013000421999001300551117BR-CuiBMT20231031020820.0230816s2022 mgb 000 0 por d a9786555183917 aBR-CuiBMTcBR-CuiBMT 22007a351.94:336.148 a351.94:336.148bM582t1 aMesquita, Saulo Marques1 aTribunal de contas e combate à corrupção /cSaulo Marques Mesquita. aBelo Horizonte :bFórum,c2022. a128 p. :c22 cm aInclui bibliografia. aDireito constitucional aDireito administrativo 2udccLV 00102udc4070aBIBTCEMTbBIBTCEMTd2023-07-28l0o351.94:336.148 M582tpBIBTCEMT23080094r2023-08-16tEx. 1w2023-08-16yLV c117d117